[Event "CZE-ch"]
[Site "?"]
[Date "1993.??.??"]
[Round "3"]
[White "Vavruska, David"]
[Black "Sosna, Jan"]
[Result "1/2-1/2"]
[WhiteElo "2280"]
[BlackElo "2375"]

1.Nf3 d5 2.g3 c6 3.Bg2 Bg4 4.O-O Nf6 5.d3 Nbd7 6.Nbd2 e5 7.e4 dxe4 8.dxe4 Bc5
9.Qe2 Qc7 10.a4 a5 11.Nc4 O-O 12.Ne3 Bh5 13.Nf5 Rfe8 14.h3 Nf8 15.Qc4 Ne6
16.Ng5 Qb6 17.Nxe6 fxe6 18.Be3 Bxe3 19.Nxe3 Rad8 20.Qc3 Qd4 21.Qxa5 Nxe4
22.c3 Qc5 23.Qxc5 Nxc5 24.g4 Bg6 25.b4 Nb3 26.Rad1 Kf7 27.Nc4 Kf6 28.Nd6 Rf8
29.Nxb7 Rd3 30.Rxd3 Bxd3 31.Re1 Rc8 32.Nd6 Rd8 33.Ne4+ Ke7 34.Nc5 Nxc5 35.bxc5 e4
36.Bxe4 Bxe4 37.Rxe4 Rd3 38.a5 Rd1+ 39.Kg2 Ra1 40.f4 Kf6 41.Kf3 Rxa5 42.Ke3 Rxc5
43.Kd4 Ra5 44.Re3 Rd5+ 45.Kc4 Ra5 46.Kb4 Rb5+ 47.Kc4  1/2-1/2

[Event "CZE-ch"]
[Site "?"]
[Date "1993.??.??"]
[Round "4"]
[White "Freisler, Pavel"]
[Black "Jirovsky, Milos"]
[Result "1/2-1/2"]
[WhiteElo "2395"]
[BlackElo "2420"]

1.Nf3 d5 2.g3 Nf6 3.Bg2 c6 4.d3 Bf5 5.Nbd2 h6 6.O-O e6 7.b3 Bc5 8.Bb2 O-O
9.Qe1 Bh7 10.e4 a5 11.a3 Nbd7 12.Qe2 b5 13.e5 Ne8 14.Kh1 Be7 15.Ne1 a4 16.b4 c5
17.c3 Nb6 18.bxc5 Bxc5 19.d4 Be7 20.Qxb5 Qb8 21.Qe2 Qb7 22.f4 Nc7  1/2-1/2

[Event "CZE-ch"]
[Site "?"]
[Date "1993.??.??"]
[Round "6"]
[White "Freisler, Pavel"]
[Black "Frolik, Martin"]
[Result "1/2-1/2"]
[WhiteElo "2395"]
[BlackElo "2285"]

1.Nf3 d5 2.g3 c5 3.Bg2 Nc6 4.d4 e6 5.O-O Nf6 6.c4 Be7 7.cxd5 exd5 8.Nc3 O-O
9.Bg5 cxd4 10.Nxd4 h6 11.Be3 Re8 12.Rc1  1/2-1/2

[Event "CZE-chT"]
[Site "?"]
[Date "1993.??.??"]
[Round "?"]
[White "Smejkal, Jan"]
[Black "Zurek, Milan"]
[Result "1/2-1/2"]
[WhiteElo "2515"]
[BlackElo "2390"]

1.Nf3 d5 2.g3 c6 3.Bg2 Bg4 4.O-O Nd7 5.d3 e6 6.e4 dxe4 7.dxe4 Ngf6 8.Nbd2 Bc5
9.Qe2 Ne5 10.h3 Bh5 11.Nb3 Be7 12.Bf4 Nxf3+ 13.Bxf3 Bxf3 14.Qxf3 O-O 15.Qe2 Qb6
16.Rfd1 Rfd8 17.a4 c5 18.Re1 a6 19.Nd2 Qc6 20.a5 Rd4 21.c3 Ra4 22.Rxa4 Qxa4
23.Nc4 Qc6 24.Bg5 h6 25.Bxf6 Bxf6 26.Rd1 Rd8 27.Rxd8+ Bxd8 28.Qd3 Bc7 29.e5 Qa4
30.Kg2 Bxa5 31.Nxa5 Qxa5 32.Qd7 Qb5 33.Qxb5 axb5 34.b4 b6 35.Kf3 Kf8 36.Ke4 Ke7
37.h4 h5 38.f3 Kd7 39.g4 hxg4 40.fxg4 Ke7 41.Kf4 Kf8 42.h5 Kg8  1/2-1/2

[Event "CZE-chT"]
[Site "?"]
[Date "1993.??.??"]
[Round "?"]
[White "Kretek, Bratislav"]
[Black "Beil, Zdenek"]
[Result "0-1"]
[WhiteElo "2275"]
[BlackElo "2340"]

1.Nf3 d5 2.g3 c6 3.Bg2 Bg4 4.O-O e6 5.d3 Nf6 6.Nbd2 Be7 7.e4 h6 8.Re1 a5
9.c3 Na6 10.Qc2 Nd7 11.Nf1 Bh5 12.Ne3 Bg6 13.Nd4 O-O 14.f4 dxe4 15.dxe4 e5
16.Ndf5 Bc5 17.Kh1 Re8 18.Nc4 Qc7 19.Nxe5 Nxe5 20.fxe5 Qxe5 21.Bf4 Qf6 22.Bh3 Rad8
23.e5 Qe6 24.g4 Nc7 25.Red1 Nd5 26.Bg3 Ne3 27.Rxd8 Nxc2 28.Rxe8+ Qxe8 29.Rd1 Qe6
30.Rd8+ Kh7  0-1

[Event "Dhaka"]
[Site "Dhaka"]
[Date "1993.??.??"]
[Round "?"]
[White "Rahman, Ziaur"]
[Black "Barua, Dibyendu"]
[Result "0-1"]
[WhiteElo "2430"]
[BlackElo "2530"]

1.Nf3 d5 2.g3 c6 3.Bg2 Nf6 4.b3 Bf5 5.Bb2 e6 6.d3 h6 7.Nbd2 Bc5 8.e4 dxe4
9.dxe4 Bg6 10.O-O O-O 11.Qe2 Nbd7 12.e5 Nd5 13.Ne4 Be7 14.c4 Nb4 15.Rfd1 a5
16.a3 Na6 17.Qe3 Bxe4 18.Qxe4 Nac5 19.Qe3 Qb6 20.Rab1 Rfd8 21.Bd4 Qc7 22.b4 axb4
23.axb4 Na4 24.c5 b6 25.Rdc1 bxc5 26.bxc5 Rdb8 27.Rxb8+ Rxb8 28.Nd2 Rb4 29.h4 Bf8
30.Kh1 Be7 31.Kg1 Qb7 32.Ne4 Rb1 33.Nd6 Rxc1+ 34.Qxc1 Qb4 35.Qf4 Bxd6 36.exd6 Naxc5
37.Bxc6 e5 38.Qf5 g6 39.Qh3 exd4 40.Bxd7 Qe1+ 41.Kg2 Ne4 42.Qh2  0-1

[Event "Dortmund op-A"]
[Site "Dortmund"]
[Date "1993.??.??"]
[Round "3"]
[White "Krojanski, Hans Georg"]
[Black "Janovsky, Sergey"]
[Result "0-1"]
[WhiteElo "2310"]
[BlackElo "2455"]

1.Nf3 d5 2.g3 Nf6 3.Bg2 Bf5 4.d3 e6 5.O-O Be7 6.Nbd2 O-O 7.b3 c5 8.Bb2 Nc6
9.Re1 h6 10.e4 dxe4 11.dxe4 Bh7 12.e5 Nd5 13.a3 a5 14.Ne4 a4 15.Nfd2 Qc7
16.f4 Rfd8 17.Kh1 b5 18.bxa4 bxa4 19.Qc1 Nb6 20.Nd6 Bxd6 21.exd6 Qxd6 22.Ne4 Bxe4
23.Bxe4 Nc4 24.Bc3 Rab8 25.Bd3 Nb6 26.Qd1 Nd4 27.Re5 Qc6+ 28.Be4 Qc7 29.Qh5 Nd7
30.Bxd4 cxd4 31.Rb5 Nf6 32.Qe5 Qxe5 33.Rxe5 Ng4  0-1

[Event "Dortmund op-A"]
[Site "Dortmund"]
[Date "1993.??.??"]
[Round "3"]
[White "Troyke, Christian"]
[Black "Chuchelov, Vladimir"]
[Result "0-1"]
[WhiteElo "2340"]
[BlackElo "2500"]

1.g3 d5 2.Nf3 c6 3.Bg2 Bg4 4.b3 Nd7 5.Bb2 Ngf6 6.O-O e6 7.c4 Bd6 8.d3 O-O
9.Nbd2 a5 10.a3 h6 11.h3 Bh5 12.Qc2 Bg6 13.cxd5 cxd5 14.Rfc1 Rc8 15.Qxc8 Qxc8
16.Rxc8 Rxc8 17.Rc1 Rxc1+ 18.Bxc1 Nb8 19.Nd4 Nc6 20.Nxc6 bxc6 21.Nf3 e5 22.Bd2 Nd7
23.b4 axb4 24.axb4 f6 25.Nh4 Bf7 26.Nf5 Bf8 27.d4 Be6 28.e4 Nb6 29.Bc3 Na4
30.Bd2 Nb6 31.Bc3 dxe4 32.Bxe4 Nd5 33.Bxd5 cxd5 34.g4 Bxf5 35.gxf5 exd4 36.Bd2 Kf7
37.Kf1 d3 38.f4 g5 39.fxg6+ Kxg6 40.Kf2 d4 41.b5 Kf5 42.Kf3 Bc5 43.Ba5 Bd6
44.b6 Bxf4 45.b7 Bb8 46.Bd2 h5 47.Bc1 Be5 48.Bd2 Ke6 49.Bf4 d2 50.Bxd2 Kd7
51.Ke4 Kc7 52.Be1 Kxb7 53.Bf2 Kc6 54.Bxd4 Bxd4 55.Kxd4 Kd6 56.Ke4 Ke6 57.Kf4 f5
58.h4 Kf6 59.Kf3 Ke5 60.Ke3 f4+  0-1

[Event "Dortmund op-A"]
[Site "Dortmund"]
[Date "1993.??.??"]
[Round "5"]
[White "Krojanski, Hans Georg"]
[Black "Namyslo, Holger"]
[Result "0-1"]
[WhiteElo "2310"]
[BlackElo "2215"]

1.Nf3 d5 2.g3 Nf6 3.Bg2 e6 4.d3 Be7 5.O-O c5 6.Nbd2 Nc6 7.e4 b6 8.Re1 Bb7
9.Qe2 Qc7 10.e5 Nd7 11.c4 dxc4 12.Nxc4 h6 13.Bd2 O-O-O 14.Bc3 Rhg8 15.a3 Kb8
16.b4 b5 17.Nd6 Bxd6 18.exd6 Qxd6 19.bxc5 Qxc5 20.Rec1 Qb6 21.Rab1 a6 22.Qb2 Nc5
23.Ne5 Nxd3 24.Nxd3 Rxd3 25.a4 Rgd8 26.axb5 axb5 27.h4 f6 28.Qxb5 Rd1+ 29.Kh2 Qxb5
30.Rxb5 Rxc1 31.Bxc6 Rd3 32.Rxb7+ Kc8  0-1

[Event "Dortmund op-A"]
[Site "Dortmund"]
[Date "1993.??.??"]
[Round "6"]
[White "Urban, Julian"]
[Black "Breutigam, Martin"]
[Result "0-1"]
[WhiteElo "2390"]
[BlackElo "2320"]

1.Nf3 d5 2.g3 Nf6 3.Bg2 e6 4.O-O Be7 5.d3 c5 6.Nbd2 Nc6 7.e4 b6 8.Re1 Bb7
9.c3 Qc7 10.a3 a5 11.a4 O-O 12.e5 Nd7 13.Qe2 Rae8 14.Nf1 f6 15.exf6 Bxf6
16.Ne3 Ba6 17.Ng4 Kh8 18.Ng5 Bxg5 19.Bxg5 h6 20.Bd2 h5 21.Ne3 Nf6 22.f4 Qf7
23.c4 Nd4 24.Qd1 h4 25.Bc3 hxg3 26.hxg3 Qg6 27.Kf2 dxc4 28.dxc4 Rd8 29.Qb1 Nf5
30.Nxf5 Ng4+ 31.Kg1 Rxf5 32.Qe4 Qh5 33.Rad1 Rdf8 34.Rd7 Qh2+ 35.Kf1 Rxf4+  0-1

[Event "Dortmund op-A"]
[Site "Dortmund"]
[Date "1993.??.??"]
[Round "7"]
[White "Krojanski, Hans Georg"]
[Black "Trabert, Bettina"]
[Result "1-0"]
[WhiteElo "2310"]
[BlackElo "2180"]

1.Nf3 d5 2.g3 c6 3.d3 Bg4 4.Nbd2 Nd7 5.h3 Bh5 6.Bg2 Ngf6 7.O-O e5 8.e4 dxe4
9.dxe4 Bc5 10.c3 a5 11.a4 O-O 12.Qc2 Re8 13.Nc4 Bxf3 14.Bxf3 Qe7 15.Kg2 Nf8
16.Be2 Red8 17.Ne3 g6 18.Nc4 Ne8 19.h4 Nd6 20.h5 g5 21.Ne3 h6 22.Ng4 Kg7
23.Be3 Nd7 24.Rad1 f6 25.Rd2 Ne8 26.Rfd1 Bd6 27.Qb3 Nf8 28.Bb6 Bc7 29.Ne3 Kh7
30.Nf5 Qe6 31.Bc4 Rd5 32.Bxc7 Nxc7 33.Qxb7 Qd7 34.exd5  1-0

[Event "Dos Hermanas"]
[Site "Dos Hermanas"]
[Date "1993.??.??"]
[Round "2"]
[White "Rivas Pastor, Manuel"]
[Black "Magem Badals, Jorge"]
[Result "1-0"]
[WhiteElo "2515"]
[BlackElo "2510"]

1.g3 d5 2.Nf3 c6 3.Bg2 Bg4 4.b3 Nd7 5.Bb2 e6 6.O-O Ngf6 7.c4 Be7 8.d3 O-O
9.Nbd2 a5 10.a3 h6 11.Qc2 Bd6 12.e4 dxe4 13.dxe4 e5 14.h3 Be6 15.Bc3 b5 16.Rfd1 b4
17.axb4 axb4 18.Rxa8 Qxa8 19.Bb2 Qb8 20.Nh4 Bc5 21.Ndf3 Qc7 22.Ne1 Ra8 23.Nd3 Ne8
24.Kh2 Bf8 25.Nf3 f6 26.Nfe1 Rd8 27.Ra1 Qb8 28.Bf3 Nc7 29.Bh5 Nc5 30.Nxc5 Bxc5
31.Nd3 Bd4 32.Bxd4 Rxd4 33.Nc5 Qd8 34.Rd1 Rxd1 35.Qxd1 Qxd1 36.Bxd1 g5 37.Bg4 Kf7
38.Kg2 Bxg4 39.hxg4 Ne6 40.Nxe6 Kxe6 41.c5 Kd7 42.Kf3 Kc7 43.Ke3 Kb7 44.Kd3 Ka6
45.Kc4  1-0

[Event "Dresden op"]
[Site "Dresden"]
[Date "1993.??.??"]
[Round "?"]
[White "Baumgartner, Heinz"]
[Black "Claussen, Uwe"]
[Result "1-0"]
[WhiteElo "2300"]
[BlackElo "2195"]

1.Nf3 d5 2.g3 c5 3.Bg2 Nc6 4.d4 e6 5.O-O Nf6 6.c4 dxc4 7.Ne5 Nxe5 8.dxe5 Qxd1
9.Rxd1 Nd7 10.f4 Rb8 11.a4 f5 12.e4 fxe4 13.Bxe4 b6 14.Bc6 Kd8 15.Na3 a6
16.Nxc4 Kc7 17.Bg2 Bb7 18.Bxb7 Rxb7 19.a5 b5 20.Nd6 Rb8 21.Nf7 Rg8 22.Ng5 Re8
23.Nxh7 Be7 24.h4 c4 25.Be3 Nc5 26.Ng5 Bf8 27.Kg2 Nb3 28.Bb6+ Kc6 29.Ra2 Bb4
30.Nf3 Bc5 31.g4 g6 32.Bxc5 Kxc5 33.Rd6 Ra8 34.Rxe6 Kd5 35.Rd6+ Ke4 36.Kg3 Ke3
37.Ra3 b4 38.Ra4 Rab8 39.Rc6 Nc1 40.Ng1 Nd3 41.Rxc4 Rgd8 42.Rc2 Nxf4 43.Ra1 Nd3
44.Rd1 Rd5 45.Rcd2 Rf8 46.e6 b3 47.e7 Re8 48.Nf3  1-0

[Event "Dublin zt"]
[Site "Dublin"]
[Date "1993.??.??"]
[Round "6"]
[White "McNab, Colin Anderson"]
[Black "Barry, Colm"]
[Result "1-0"]
[WhiteElo "2490"]
[BlackElo "2275"]

1.Nf3 d5 2.g3 Nf6 3.Bg2 Bf5 4.d3 Nbd7 5.O-O e6 6.Nc3 Be7 7.Qe1 O-O 8.e4 Bg6
9.Nh4 dxe4 10.Nxg6 hxg6 11.Nxe4 Nxe4 12.Qxe4 c6 13.h4 Qa5 14.d4 Rad8 15.c3 Qb5
16.a4 Qb3 17.a5 Nf6 18.Qe2 Nd5 19.Be4 Nf6 20.Bg5 Rd7 21.Bd3 b5 22.axb6 Qxb6
23.Ra6 Qb8 24.Rxc6 Bd6 25.Bxf6 gxf6 26.Be4 Kg7 27.Bg2 Rh8 28.b4 f5 29.f4 Bc7
30.Qc4 Bb6 31.Re1 Qd8 32.Kf1 Rc7 33.Rxc7 Qxc7 34.Qxc7 Bxc7 35.Ra1 Bb6 36.Ke2 Kf6
37.Kd3 Rd8 38.b5 Ke7 39.Rd1 f6 40.Re1 Kf7 41.Re2 g5 42.hxg5 fxg5 43.fxg5 Rg8
44.g4 Rxg5 45.gxf5 Rg3+ 46.Kc4 exf5 47.Rf2 Ba5 48.Bf3 Ke7 49.Kd3 Rg1 50.Ra2 Bb6
51.c4 Rg3 52.Ke3 Kd6 53.Ra6 Kd7 54.c5 Bd8 55.Rxa7+ Kc8 56.b6 Rg1 57.Ra8+ Kd7
58.c6+ Ke7 59.c7 Bxc7 60.bxc7  1-0

[Event "Dublin zt"]
[Site "Dublin"]
[Date "1993.??.??"]
[Round "10"]
[White "McNab, Colin Anderson"]
[Black "Duncan, Christopher R"]
[Result "1/2-1/2"]
[WhiteElo "2490"]
[BlackElo "2285"]

1.Nf3 d5 2.g3 c6 3.Bg2 Bg4 4.d3 Nd7 5.h3 Bh5 6.O-O e5 7.e4 dxe4 8.dxe4 Ngf6
9.Qe1 Bc5 10.b4 Bb6 11.Na3 O-O 12.Nc4 Bc7 13.a4 a5 14.bxa5 Bxf3 15.Bxf3 Bxa5
16.Nxa5 Qxa5 17.Bd2 Qc7 18.Be3 Qa5 19.Qxa5 Rxa5 20.Rfb1 Rb8 21.g4 h6 22.h4 Ne8
23.Rb4 c5 24.Rb5 Rxb5 25.axb5 Kf8 26.g5 hxg5 27.hxg5 Ke7 28.Bg4 Nd6 29.Rd1 b6
30.Rd5 Rb7 31.Bxd7 Kxd7 32.Rxe5 Nxb5 33.Rd5+ Kc6 34.g6 Na3  1/2-1/2

[Event "Elenite op"]
[Site "Elenite"]
[Date "1993.??.??"]
[Round "7"]
[White "Gochev, Mladen"]
[Black "Inkiov, Ventzislav"]
[Result "0-1"]
[WhiteElo "2300"]
[BlackElo "2470"]

1.g3 d5 2.Nf3 Nf6 3.Bg2 c5 4.c4 d4 5.e3 Nc6 6.exd4 cxd4 7.d3 e5 8.a3 a5 9.Qe2 Bd6
10.Bg5 O-O 11.Nbd2 h6 12.Bxf6 Qxf6 13.Ne4 Qd8 14.Nxd6 Qxd6 15.Nd2 f5 16.O-O Bd7
17.Qf3 Kh8 18.Qd5 Qe7 19.Rfe1 a4 20.f4 Ra5 21.Qf3 Qd6 22.Rab1 Re8 23.Qf2 Raa8
24.Bd5 Re7 25.Kf1 Rae8 26.b4 axb3 27.Rxb3 exf4 28.Rxe7 Qxe7 29.gxf4 Na5 30.Rb1 Qxa3
31.Qxd4 Nc6 32.Bxc6 Bxc6 33.Re1 Ra8 34.Ke2 Qa5 35.Qb2 Qd8 36.Nf3 Bxf3+ 37.Kxf3 Qxd3+
38.Re3 Qxc4 39.Rb3 Qf1+ 40.Kg3 Ra6 41.Qd4 Rg6+  0-1

[Event "Elenite op"]
[Site "Elenite"]
[Date "1993.??.??"]
[Round "7"]
[White "Radulov, Ivan"]
[Black "Velcheva, Maria"]
[Result "1-0"]
[WhiteElo "2410"]
[BlackElo "2150"]

1.Nf3 d5 2.g3 c6 3.Bg2 Bg4 4.c4 e6 5.cxd5 exd5 6.O-O Nf6 7.d3 Bd6 8.h3 Bxf3
9.Bxf3 Nbd7 10.e4 dxe4 11.dxe4 Qc7 12.Bg2 O-O-O 13.Qc2 Nh5 14.Be3 Kb8 15.Nd2 Rhg8
16.Rad1 g5 17.Nc4 Be7 18.e5 g4 19.hxg4 Rxg4 20.Bf3 Rxc4 21.Qxc4 Nxe5 22.Qe2 Nxf3+
23.Qxf3 Qe5 24.Rxd8+ Bxd8 25.Rd1 Bc7 26.Qxf7 b6 27.Rd7  1-0

[Event "NLD-ch sf"]
[Site "Enschede"]
[Date "1993.??.??"]
[Round "7"]
[White "Hartoch, Robert G"]
[Black "Van der Griendt, Jan Willem"]
[Result "1/2-1/2"]
[WhiteElo "2355"]
[BlackElo "2400"]

1.Nf3 d5 2.g3 Nd7 3.Bg2 Ngf6 4.O-O e5 5.d3 Be7 6.b3 O-O 7.Bb2 d4 8.Nbd2 Re8
9.c3 c5 10.Nc4 Bf8 11.cxd4 cxd4 12.e3 dxe3 13.fxe3 e4 14.dxe4 Nxe4 15.Nfe5 Nxe5
16.Nxe5 Nf6 17.Qf3 Rb8 18.Rad1 Qc7 19.Rc1 Qe7 20.Rc4 Be6 21.Rf4 Red8 22.Qe2 Qd6
23.Rxf6 gxf6 24.Ng4 Bg7 25.Nxf6+ Bxf6 26.Bxf6 Qd3 27.Qf3 Re8 28.Qf4 Qg6 29.Be4 Qh5
30.Bb2 f5 31.Bf3 Qg6 32.Qh4 h6 33.Bh5 Qg5 34.Qd4 Kh7 35.Bxe8 Rxe8 36.Rc1 Re7
37.Rf1 Re8 38.Qxa7 Bd5 39.Qd4 Bc6 40.Qf4 Rxe3 41.Qxg5 hxg5 42.Rxf5 Re1+ 43.Kf2 Rh1
44.Ke3 Rxh2 45.Be5 Rxa2 46.Rxg5 Ra3 47.Kf4 Rxb3 48.Kf5 Rf3+ 49.Bf4 Rd3 50.Kf6 Rd7
51.Ke6 Rd8 52.g4 Be8 53.Ke7 Ra8 54.Rc5 Ra4 55.Bc1 Re4+ 56.Kf8 Kg6 57.Rg5+  1/2-1/2

[Event "ESP-ch"]
[Site "?"]
[Date "1993.??.??"]
[Round "9"]
[White "Gil Gonzales, Jose Manuel"]
[Black "Magem Badals, Jorge"]
[Result "0-1"]
[WhiteElo "2355"]
[BlackElo "2505"]

1.Nf3 d5 2.g3 c5 3.Bg2 Nc6 4.O-O e5 5.d3 f6 6.Nbd2 Be6 7.e4 Qd7 8.c3 O-O-O
9.Qa4 Kb8 10.a3 Nge7 11.b4 Nd4 12.Qd1 Nxf3+ 13.Bxf3 Nc8 14.bxc5 Bxc5 15.a4 d4
16.c4 Ne7 17.a5 a6 18.Nb3 Bd6 19.Ba3 Bxa3 20.Rxa3 Rc8 21.Qd2 Qd6 22.Qb2 Nc6
23.Rb1 Rc7 24.Ra4 h5 25.Qe2 Bf7 26.Nc1 Qc5 27.Qd2 Ka7 28.Rb6 g5 29.Ra1 g4
30.Bg2 h4 31.Nb3 Qe7 32.Rb1 Qa3 33.Ra1 Qd6 34.Qb2 Be6 35.Rb1 Bc8 36.Qd2 Rch7
37.Qb2 hxg3 38.hxg3 Ka8 39.Nd2 Qc5 40.Nb3 Qd6 41.Nd2 Rc7 42.Rc1 Qc5 43.Nb3 Qf8
44.Rb1 Rh5 45.Rf1 Rch7 46.f4 gxf3 47.Rxf3 Qh6 48.Qd2 Rh1+ 49.Kf2 Qh2 50.Rxf6 Qxg2+  0-1

[Event "ESP-ch"]
[Site "?"]
[Date "1993.??.??"]
[Round "9"]
[White "Narciso Dublan, Marc"]
[Black "Rodriguez Vargas, Orestes"]
[Result "0-1"]
[WhiteElo "2300"]
[BlackElo "2445"]

1.Nf3 d5 2.g3 c6 3.Bg2 Bg4 4.O-O Nd7 5.d3 e5 6.e4 dxe4 7.dxe4 Ngf6 8.Nbd2 Qc7
9.Qe1 Bc5 10.Nc4 O-O 11.b4 b5 12.bxc5 bxc4 13.h3 Bh5 14.Nd2 Qa5 15.Nxc4 Qa6
16.Nd6 Be2 17.a4 Nxc5 18.Be3 Ne6 19.f4 c5 20.Rf2 Qxd6 21.Qxe2 Rad8 22.f5 Nd4
23.Qc4 Rb8 24.c3 Nb3 25.Ra3 Rfc8 26.a5 Qd8 27.Qa4 Qd3 28.Rf3 Qxc3 29.Bg5 Qd4+
30.Qxd4 Nxd4 31.Rf2 c4 32.Rc3 Rb3 33.Bd2 Nb5 34.Rc1 Rxg3 35.Kh2 Ra3 36.Bb4 Rb3
37.Be7 c3 38.Bf1 Nxe4 39.Rg2 Nd4 40.Bd3 Nxf5 41.Bc2 Rb2 42.Ba3 Rxc2 43.Rgxc2 Nd4
44.Rg2 g6 45.h4 Kg7 46.h5 Rb8 47.hxg6 hxg6 48.Rg4 Rb3 49.Rxe4 Rxa3 50.Kh3 c2+
51.Kh4 Nf5+  0-1

[Event "ESP-chT"]
[Site "?"]
[Date "1993.??.??"]
[Round "?"]
[White "Gamundi, Antonio"]
[Black "Rodriguez Vargas, Orestes"]
[Result "1-0"]
[WhiteElo "2440"]
[BlackElo "2445"]

1.Nf3 d5 2.g3 c6 3.b3 Bg4 4.Bb2 Nd7 5.Bg2 Ngf6 6.O-O e6 7.d3 a5 8.a3 Bc5
9.Nbd2 Qc7 10.e4 b5 11.e5 Ng8 12.d4 Be7 13.Re1 h5 14.h3 Bf5 15.Nf1 g5 16.Ne3 Bg6
17.Bf1 Nh6 18.Bd3 Qb7 19.Bc1 a4 20.Ng2 Rg8 21.h4 axb3 22.cxb3 Bb4 23.Bd2 Bxd2
24.Qxd2 g4 25.Ng5 Nf5 26.Nf4 b4 27.axb4 Ke7 28.b5 c5 29.dxc5 Nxc5 30.Qb4 Qb6
31.Rxa8 Rxa8 32.Rc1 Rc8 33.Ngxe6 fxe6 34.Nxg6+ Kf7 35.Bxf5 exf5 36.Nf4 Ne4
37.e6+ Kg7 38.Qe7+ Kh6 39.Rf1 Qxb5 40.Qf7  1-0

[Event "Espoo op"]
[Site "Espoo"]
[Date "1993.??.??"]
[Round "7"]
[White "Valkesalmi, Kimmo"]
[Black "Pulkkinen, Kari"]
[Result "1/2-1/2"]
[WhiteElo "2355"]
[BlackElo "2265"]

1.g3 d5 2.Nf3 c5 3.c4 e6 4.Bg2 Nc6 5.O-O Nf6 6.b3 Be7 7.e3 O-O 8.Bb2 b6 9.d3 Bb7
10.Qe2 Qc7 11.Nbd2 Rad8 12.a3 dxc4  1/2-1/2

[Event "Eupen op"]
[Site "Eupen"]
[Date "1993.??.??"]
[Round "4"]
[White "Kengis, Edvins"]
[Black "Schulz, Klaus Juergen"]
[Result "1/2-1/2"]
[WhiteElo "2555"]
[BlackElo "2415"]

1.Nf3 d5 2.g3 c6 3.Bg2 Bf5 4.O-O e6 5.d3 h6 6.Nc3 Nf6 7.Qe1 Be7 8.e4 Bh7
9.h3 O-O 10.Qe2 Re8 11.Kh1 c5 12.Ne5 d4 13.Nd1 Nbd7 14.Nxd7 Qxd7 15.f4 Rac8
16.g4 Qc7 17.c4 Nd7 18.e5 b5 19.b3 bxc4 20.bxc4 Bh4 21.Be4 Bxe4+ 22.Qxe4 Rb8
23.Bd2 Qb7 24.Qxb7 Rxb7 25.Kg2 Reb8 26.Rc1 Rb1 27.Rc2 g5 28.Nf2 R1b2 29.Rfc1  1/2-1/2

[Event "Eupen op"]
[Site "Eupen"]
[Date "1993.??.??"]
[Round "5"]
[White "Hickl, Joerg"]
[Black "Polaczek, Richard"]
[Result "1-0"]
[WhiteElo "2540"]
[BlackElo "2415"]

1.g3 d5 2.Nf3 Nf6 3.Bg2 g6 4.b3 Bg7 5.Bb2 O-O 6.c4 c6 7.O-O Re8 8.Qc2 a5
9.d3 Na6 10.a3 dxc4 11.bxc4 Nc5 12.Bd4 Ne6 13.Be5 Nd7 14.Bxg7 Nxg7 15.Nc3 e5
16.Na4 Ne6 17.c5 Qe7 18.Rfc1 Nc7 19.Nd2 Nb5 20.e3 Nf6 21.Nb6 Ra7 22.Ne4 Nxe4
23.dxe4 Nc7 24.Qb2 Na8 25.Na4 Nc7 26.Bf1 Bg4 27.Nb6 Ne6 28.Qxe5 Ng5 29.Qxe7 Rxe7
30.Bg2 Re8 31.Nc4 Bf3 32.Nd6 Re5 33.Rc4 Bxg2 34.Kxg2 Ne6 35.Rac1 Nc7 36.Rb1  1-0

[Event "Farum op"]
[Site "Farum"]
[Date "1993.??.??"]
[Round "5"]
[White "Berg, Klaus"]
[Black "Pedersen, Daniel Vesterbaek"]
[Result "1-0"]
[WhiteElo "2390"]
[BlackElo "2215"]

1.Nf3 d5 2.g3 c6 3.c4 Bg4 4.Bg2 e6 5.O-O Nd7 6.d4 Bd6 7.Nbd2 Ngf6 8.Qb3 Qb6
9.Qc2 Qc7 10.e4 dxe4 11.Nxe4 Nxe4 12.Qxe4 Nf6 13.Qc2 O-O 14.Bg5 Qe7 15.Ne5 Bf5
16.Qb3 h6 17.Bxf6 gxf6 18.Nf3 Rad8 19.d5 cxd5 20.cxd5 Be4 21.dxe6 Qxe6 22.Qe3 Bxf3
23.Qxf3 Rfe8 24.Qh5 Bf8 25.Rad1 Qe5 26.Qg4+ Bg7 27.b3 Rxd1 28.Rxd1 Qe2 29.Bf3 Qb5
30.Kg2 f5 31.Qh5 Qa6 32.Qxf5 Qxa2 33.Rd7  1-0

[Event "Farum op (Women)"]
[Site "Farum"]
[Date "1993.??.??"]
[Round "9"]
[White "Richtrova, Eliska"]
[Black "Guindy, Esmat"]
[Result "1-0"]
[WhiteElo "2335"]
[BlackElo "2055"]

1.Nf3 d5 2.g3 e6 3.Bg2 c5 4.O-O Nf6 5.b3 Nc6 6.Bb2 Be7 7.c4 O-O 8.d3 b6 9.e3 Bb7
10.Qe2 Qc7 11.Nc3 a6 12.Rac1 Rad8 13.Rfd1 d4 14.Nb1 e5 15.e4 Bc8 16.h3 h6
17.Nbd2 g6 18.Rf1 Kg7 19.Rce1 Bd6 20.Bc1 g5 21.Kh2 Rh8 22.Rh1 Rdg8 23.Nf1 Ne7
24.Kg1 Ng6 25.N3h2 Re8 26.Ng4 Nxg4 27.hxg4 Qd7 28.Bf3 Nf8 29.Qd2 Re6 30.Bd1 Nh7
31.f3 Nf6 32.Re2 Ne8 33.Reh2 Rg6 34.Rh3 Nc7 35.Qh2 Ne6 36.Nd2 Bb7 37.Nb1 Qc7
38.Na3 Rf6 39.Rh5 Rg6 40.Qb2 Qe7 41.Nc2 a5 42.a3 Nc7 43.Bd2 Na6 44.Ne1 Bc8
45.Ng2 Nc7 46.Be2 Ne6 47.Kf2 Rd8 48.Qb1 Rf6 49.Ne1 Nc7 50.Kg2 Rg6 51.Nc2 Na6
52.Qf1 Rg8 53.Kf2 Rf6 54.Qh3 Qe6 55.Bxg5 hxg5 56.Rh8  1-0

[Event "Finkenstein op"]
[Site "Finkenstein"]
[Date "1993.??.??"]
[Round "3"]
[White "Kraschl, Joerg"]
[Black "Brumen, Dinko"]
[Result "1/2-1/2"]
[WhiteElo "2230"]
[BlackElo "2315"]

1.Nf3 d5 2.g3 Nf6 3.Bg2 e6 4.O-O Be7 5.d4 O-O 6.c4 dxc4 7.Qc2 a6 8.a4 Bd7
9.Qxc4 Bc6 10.Bg5 Nbd7 11.Nc3 Rc8 12.Rfe1 Ne4 13.Bxe7 Qxe7 14.Nxe4 Bxe4 15.b4 Rfd8
16.Red1 Nf6 17.Ne5 Bxg2 18.Kxg2 Rd6 19.Rac1 Nd7 20.Nf3 h6 21.Qb3 Rb6 22.Rc4 Nb8
23.Ne5 Nc6 24.Nxc6 bxc6 25.Qc3 Rcb8 26.Rxc6 Qxb4 27.Qxb4 Rxb4 28.Rxa6 Rd8
29.e3 c5 30.a5 cxd4 31.Rxd4 Rbxd4 32.exd4 Rxd4 33.Rb6 Ra4 34.a6 Kh7 35.Rb7 Rxa6
36.Rxf7 Kg6 37.Rf8 Rb6 38.h3  1/2-1/2

[Event "Forli op"]
[Site "Forli"]
[Date "1993.??.??"]
[Round "1"]
[White "Lagrotteria, Salvatore"]
[Black "Efimov, Igor"]
[Result "0-1"]
[WhiteElo "2230"]
[BlackElo "2490"]

1.Nf3 d5 2.g3 c6 3.Bg2 Bg4 4.h3 Bh5 5.O-O Nd7 6.d4 e6 7.Nbd2 f5 8.c4 Bd6
9.Qb3 Rb8 10.Qe3 Qe7 11.Ng5 Nf8 12.f4 Nf6 13.c5 Bc7 14.b4 h6 15.Ngf3 g5 16.Ne5 Rg8
17.a4 Ng6 18.fxg5 Nxe5 19.dxe5 Nd7 20.Bb2 Qxg5 21.Ra3 Qxe3+ 22.Rxe3 a5 23.Nb3 axb4
24.a5 Ke7 25.Rf4 Ra8 26.Rxb4 Bxa5 27.Rxb7 Rgb8 28.Rxb8 Nxb8 29.g4 fxg4 30.hxg4 Bxg4
31.Rg3 h5 32.Bh3 Be1 33.Re3 Bxh3 34.Rxh3 h4 35.Bc1 Ra4 36.Bg5+ Ke8 37.Be3 Bg3
38.Nd4 Ra3 39.Rxg3 hxg3 40.Bf4 Kd7 41.Kg2 Na6  0-1

[Event "Forli op"]
[Site "Forli"]
[Date "1993.??.??"]
[Round "6"]
[White "Belotti, Bruno"]
[Black "Zelcic, Robert"]
[Result "0-1"]
[WhiteElo "2410"]
[BlackElo "2450"]

1.Nf3 d5 2.g3 c5 3.Bg2 Nc6 4.O-O Nf6 5.d3 h6 6.c3 Bf5 7.a3 a6 8.b4 e6 9.Nbd2 Be7
10.Bb2 O-O 11.bxc5 Bxc5 12.c4 d4 13.Nb3 Ba7 14.a4 e5 15.Nfd2 Re8 16.c5 Be6
17.Rc1 Bd5 18.Bxd5 Qxd5 19.f3 Qe6 20.Nc4 Rad8 21.Qe1 Nd5 22.Nba5 Nxa5 23.Qxa5 Bb8
24.Ba3 Qc6 25.Nb6 Bc7 26.Rb1 Bxb6 27.cxb6 Nc3 28.Rb2 Nxa4 29.Rb4 Nc3 30.Rc4 Qg6
31.Re1 Qe6 32.Rc7 Rd5 33.Qb4 Rb5 34.Qc4 Rxb6 35.e3 Nb5  0-1

[Event "FRA"]
[Site "FRA"]
[Date "1993.??.??"]
[Round "?"]
[White "Giffard, Nicolas"]
[Black "Daurelle, Herve"]
[Result "0-1"]
[WhiteElo "2370"]
[BlackElo "2255"]

1.Nf3 d5 2.g3 c5 3.Bg2 Nc6 4.O-O Nf6 5.d3 e6 6.Nbd2 Be7 7.c3 O-O 8.a3 b6
9.b4 cxb4 10.axb4 Bd7 11.Bb2 a5 12.b5 Na7 13.c4 Rc8 14.Ne5 Be8 15.Ra4 Nd7
16.cxd5 Nxe5 17.Bxe5 Nxb5 18.Rc4 exd5 19.Rxc8 Qxc8 20.Qa1 d4 21.Nc4 Bc5 22.e3 Qd8
23.Rc1 dxe3 24.fxe3 f6 25.d4 Bb4 26.Bf4 g5 27.Bxg5 fxg5 28.Ne5 Bd6 29.Ng4 Qe7
30.e4 Qe6 31.Ne3 Kh8 32.Kh1 Bg6 33.e5 Bb8 34.Nc4 Qg4 35.d5 Be4 36.e6+ Kg8
37.Qb2 Nd6 38.Ne3 Bxg2+ 39.Nxg2 Ne4 40.e7 Re8 41.Qxb6 Bd6 42.Qxa5 Nf2+ 43.Kg1 Qd4
44.Kf1 Nh3  0-1

[Event "FRA"]
[Site "FRA"]
[Date "1993.??.??"]
[Round "?"]
[White "Eliet, Nicolas"]
[Black "Relange, Eloi"]
[Result "0-1"]
[WhiteElo "2295"]
[BlackElo "2295"]

1.Nf3 d5 2.g3 Nf6 3.Bg2 c6 4.O-O Bf5 5.d3 e6 6.Nbd2 h6 7.Qe1 Be7 8.e4 Bh7
9.e5 Nfd7 10.Qe2 Qc7 11.Re1 c5 12.c4 d4 13.b4 Nc6 14.b5 Nb4 15.Ne4 Bxe4 16.Qxe4 Nc2
17.Bd2 O-O 18.Qg4 Kh7 19.Rac1 Nxe1 20.Rxe1 Rae8 21.h4 a6 22.a4 axb5 23.axb5 Ra8
24.Qe4+ Kh8 25.Nh2 Ra3 26.Bf4 Qa5 27.Rf1 Rb8 28.Ng4 h5 29.Nh2 Qc3 30.Qf3 Qxd3
31.Qxh5+ Kg8 32.Re1 Rba8 33.Be4 g6 34.Qg4 Qc3 35.Re2 d3 36.Rd2 Nxe5 37.Bxe5 Qxd2  0-1

[Event "FRA"]
[Site "FRA"]
[Date "1993.??.??"]
[Round "?"]
[White "Giffard, Nicolas"]
[Black "Herb, Pascal"]
[Result "1-0"]
[WhiteElo "2370"]
[BlackElo "2380"]

1.Nf3 d5 2.g3 Bg4 3.Bg2 Nd7 4.c4 e6 5.Qa4 Nf6 6.h3 Bxf3 7.Bxf3 c6 8.cxd5 Nc5
9.Qc2 exd5 10.d3 Ne6 11.Bg2 Bc5 12.O-O Qd6 13.e3 h5 14.b3 Rd8 15.d4 Bb4 16.Bd2 O-O
17.Bxb4 Qxb4 18.Rc1 a5 19.a3 Qe7 20.Nd2 Ra8 21.Qb2 Ne8 22.Nf3 Nd6 23.Ne5 Rfc8
24.a4 f6 25.Nd3 g6 26.Qd2 Kh7 27.Qd1 Ng7 28.Rc2 Ngf5 29.Nf4 Ne4 30.Rac1 Re8
31.Nxd5 Nxf2 32.Nxe7 Nxd1 33.Nxf5 gxf5 34.Rxd1 Rxe3 35.Rf1 Rxg3 36.Rxf5 Rag8
37.Rxh5+ Kg6 38.Rxa5 Rxb3 39.d5 cxd5 40.Bxd5 Rb1+ 41.Kg2  1-0